[Event "Wch U20 Girls 39th"]
[Site "Mexico City"]
[Date "2023.09.24"]
[Round "5"]
[White "Mendoza Recio, Josselyne"]
[Black "Milner, Romi"]
[Result "0-1"]
[WhiteElo "1573"]
[BlackElo "1856"]
[PlyCount "156"]
[EventDate "2023.09.21"]
[EventType "swiss"]
[EventRounds "11"]
[EventCountry "MEX"]
[SourceTitle "EXT 2024"]
[Source "ChessBase"]
[SourceDate "2023.10.10"]
[SourceVersion "1"]
[SourceVersionDate "2023.10.10"]
[SourceQuality "1"]

1. e4 e5 2. Nf3 Nc6 3. d4 exd4 4. Nxd4 Qf6 5. Nb5 Bc5 6. f3 Bb6 7. N1c3 Nge7 8. Qe2 0-0 9. Bd2 a6 10. Na3 Nd4 11. Qd1 Re8 12. Be3 Nxf3+ 13. gxf3 Bxe3 14. Qe2 Bd4 15. 0-0-0 Bxc3 16. bxc3 Qf4+ 17. Qd2 Qxd2+ 18. Rxd2 f5 19. Bc4+ Kh8 20. Rf1 d6 21. Bb3 Ng6 22. Rdf2 Ne5 23. Nc4 Nc6 24. a3 Bd7 25. exf5 Bxf5 26. Rg1 Re7 27. h4 Rae8 28. h5 Re2 29. Rxe2 Rxe2 30. Kd1 Rf2 31. Re1 Bd7 32. Re3 Rh2 33. Nb2 Rxh5 34. Nd3 Rf5 35. f4 h5 36. Kd2 h4 37. Rh3 Rh5 38. Rh2 h3 39. Nf2 Ne7 40. Ne4 Rh4 41. Ng5 Rxf4 42. Nxh3 Rh4 43. Re2 Nf5 44. Ng5 Rh5 45. Rg2 Nh4 46. Nf7+ Kh7 47. Rg3 Nf5 48. Rg1 Rh2+ 49. Kc1 Be8 50. Ng5+ Kh6 51. Be6 Ne3 52. Bb3 Bg6 53. Nf3 Rf2 54. Rh1+ Bh5 55. Nd2 g5 56. Ne4 Rf1+ 57. Rxf1 Nxf1 58. Bc4 Ne3 59. Bd3 Bf3 60. Ng3 g4 61. Kd2 Nd5 62. c4 Nf4 63. Bf5 Kg5 64. Be4 Bxe4 65. Nxe4+ Kh4 66. Ke3 Ng2+ 67. Kf2 Kh3 68. Ng5+ Kh2 69. Ne4 Nf4 70. a4 Nh5 71. Ng5 g3+ 72. Ke2 g2 73. Nf3+ Kh1 74. Kf2 Nf4 75. Ng1 Ne6 76. Ne2 Nd4 77. Ng1 Nxc2 78. Nf3 Na3 0-1

[Event "Wch U10 Girls blitz"]
[Site "Batumi"]
[Date "2023.06.10"]
[Round "1"]
[White "Ediberidze, Alexandra"]
[Black "Milner, Romi"]
[Result "0-1"]
[WhiteElo "1022"]
[BlackElo "1693"]
[PlyCount "150"]
[EventDate "2023.06.10"]
[EventType "swiss (blitz)"]
[EventRounds "11"]
[EventCountry "GEO"]
[SourceTitle "EXT 2024"]
[Source "ChessBase"]
[SourceDate "2023.10.10"]
[SourceVersion "1"]
[SourceVersionDate "2023.10.10"]
[SourceQuality "1"]
[WhiteTeam "Georgia"]
[BlackTeam "United States"]
[WhiteTeamCountry "GEO"]
[BlackTeamCountry "USA"]

1. e4 e5 2. Nf3 Nc6 3. Nc3 Nf6 4. Be2 d5 5. exd5 Nxd5 6. Bb5 Nxc3 7. bxc3 Bg4 8. 0-0 Bd6 9. d4 exd4 10. cxd4 a6 11. Bxc6+ bxc6 12. c3 0-0 13. Be3 Qf6 14. Qe2 Bxf3 15. Qxf3 Qxf3 16. gxf3 Rfe8 17. Rfe1 Re6 18. Rab1 Rf6 19. f4 h6 20. Rb2 Bxf4 21. Bxf4 Rxf4 22. Rbe2 Rf3 23. Re3 Rxe3 24. Rxe3 Rb8 25. Re7 Rc8 26. Kg2 Kf8 27. Re2 Re8 28. Rb2 Ke7 29. Re2+ Kd7 30. Rb2 Kd6 31. Rb7 Ra8 32. Rb4 a5 33. Rb2 Ra6 34. a4 Rb6 35. Re2 Kd7 36. Kf3 Rb3 37. Rc2 Ra3 38. Ke4 Rxa4 39. Kd3 Ra1 40. Kc4 Kd6 41. Kb3 Rh1 42. f3 Rf1 43. Ka4 Rxf3 44. Kxa5 f5 45. Kb4 g5 46. Kc4 f4 47. Re2 Kd7 48. d5 cxd5+ 49. Kxd5 Re3 50. Rf2 f3 51. Kd4 Re1 52. Rxf3 Rh1 53. Rh3 g4 54. Rxh6 g3 55. Rh7+ Kc6 56. Rh6+ Kb7 57. Rb6+ Kxb6 58. hxg3 Rg1 59. Ke5 Rxg3 60. Ke6 Rxc3 61. Kd5 c5 62. Ke4 c4 63. Kd4 Rc1 64. Ke3 c3 65. Kd3 Kb5 66. Ke2 Kb4 67. Kd3 Kb3 68. Ke2 c2 69. Kd2 Rh1 70. Kd3 c1Q 71. Kd4 Rd1+ 72. Ke5 Qe3+ 73. Kf6 Rf1+ 74. Kg7 Qg3+ 75. Kh8 Rh1# 0-1

[Event "Wch U10 Girls rapid"]
[Site "Batumi"]
[Date "2023.06.07"]
[Round "6"]
[White "Berikkyzy, Alanna"]
[Black "Milner, Romi"]
[Result "1-0"]
[WhiteElo "1238"]
[BlackElo "1718"]
[PlyCount "91"]
[EventDate "2023.06.06"]
[EventType "swiss (rapid)"]
[EventRounds "11"]
[EventCountry "GEO"]
[SourceTitle "EXT 2024"]
[Source "ChessBase"]
[SourceDate "2023.10.10"]
[SourceVersion "1"]
[SourceVersionDate "2023.10.10"]
[SourceQuality "1"]
[WhiteTeam "Kazakhstan"]
[BlackTeam "United States"]
[WhiteTeamCountry "KAZ"]
[BlackTeamCountry "USA"]

1. e4 e5 2. Nf3 Nc6 3. Bb5 Nf6 4. Qe2 Nd4 5. Nxd4 exd4 6. d3 Bc5 7. Bg5 Be7 8. Nd2 h6 9. Bh4 0-0 10. 0-0 c6 11. Ba4 Re8 12. f4 d5 13. e5 Ng4 14. Bxe7 Qxe7 15. Nf3 b5 16. Bb3 a5 17. a4 b4 18. Kh1 Ne3 19. Rfc1 c5 20. c3 bxc3 21. bxc3 Rb8 22. cxd4 Rxb3 23. Qxe3 c4 24. Qd2 Rxd3 25. Qxa5 Bb7 26. Qb5 Rb3 27. Qa5 Ra8 28. Qd2 Ra3 29. Qb2 R8xa4 30. Rab1 Rb3 31. Qf2 Qa3 32. f5 Qa2 33. Qe1 Raa3 34. e6 Ra8 35. exf7+ Kf8 36. Rxb3 cxb3 37. Qb4+ Kxf7 38. Qxb7+ Kg8 39. Rc7 Qa1+ 40. Ng1 Qxd4 41. f6 Qxf6 42. Qxa8+ Kh7 43. Qxd5 b2 44. Qe4+ Kg8 45. Rb7 b1Q 46. Rxb1 1-0

[Event "Wch U10 Girls rapid"]
[Site "Batumi"]
[Date "2023.06.06"]
[Round "3"]
[White "Milner, Romi"]
[Black "Zhumambayeva, Aliya"]
[Result "1-0"]
[WhiteElo "1718"]
[BlackElo "1341"]
[PlyCount "39"]
[EventDate "2023.06.06"]
[EventType "swiss (rapid)"]
[EventRounds "11"]
[EventCountry "GEO"]
[SourceTitle "EXT 2024"]
[Source "ChessBase"]
[SourceDate "2023.10.10"]
[SourceVersion "1"]
[SourceVersionDate "2023.10.10"]
[SourceQuality "1"]
[WhiteTeam "United States"]
[BlackTeam "Kazakhstan"]
[WhiteTeamCountry "USA"]
[BlackTeamCountry "KAZ"]

1. d4 Nf6 2. Bf4 b6 3. Nf3 Bb7 4. e3 e6 5. Nbd2 d5 6. Bd3 Nbd7 7. c3 c5 8. 0-0 Be7 9. Qe2 0-0 10. Ne5 c4 11. Bc2 b5 12. a3 a5 13. Qf3 b4 14. Qh3 Re8 15. Ndf3 Nf8 16. Ng5 Qb6 17. Ngxf7 bxc3 18. Qg3 Nh5 19. Nh6+ Kh8 20. Nef7# 1-0